[Event "WchT Seniors 50"]
[Site "Prague"]
[Date "2020.03.12"]
[Round "7.3"]
[White "Findlay, Ian T"]
[Black "Thurstan, Tim M"]
[Result "1/2-1/2"]
[WhiteElo "2159"]
[BlackElo "1987"]
[PlyCount "56"]
[EventDate "2020.03.06"]
[EventType "team-swiss"]
[EventRounds "7"]
[EventCountry "CZE"]
[SourceTitle "CBM 195 Extra"]
[Source "ChessBase"]
[SourceDate "2020.05.31"]
[SourceVersion "1"]
[SourceVersionDate "2020.05.31"]
[SourceQuality "1"]
[WhiteTeam "Canada 50"]
[BlackTeam "England 50 II"]
[WhiteTeamCountry "CAN"]
[BlackTeamCountry "ENG"]

1. e4 e6 2. d4 d5 3. Nd2 Nc6 4. Ngf3 Nf6 5. e5 Nd7 6. Be2 f6 7. exf6 Qxf6 8. Nf1 Bd6 9. Ne3 0-0 10. 0-0 Qg6 11. c4 Nf6 12. a3 Bd7 13. b4 Ne7 14. Ne5 Qe8 15. Bb2 dxc4 16. Bxc4 Ned5 17. Qb3 c6 18. Rae1 Qh5 19. f4 Bxe5 20. dxe5 Ng4 21. Nxg4 Qxg4 22. h3 Qh4 23. f5 Rxf5 24. Bxd5 cxd5 25. Rxf5 Qxe1+ 26. Rf1 Qe4 27. Qf3 Qxf3 28. Rxf3 Rc8 1/2-1/2

[Event "WchT Seniors 50"]
[Site "Dresden"]
[Date "2018.07.07"]
[Round "1.1"]
[White "Yermolinsky, Alex"]
[Black "Thurstan, Tim M"]
[Result "1-0"]
[WhiteElo "2505"]
[BlackElo "2035"]
[PlyCount "49"]
[EventDate "2018.07.07"]
[EventType "team-swiss"]
[EventRounds "9"]
[EventCountry "GER"]
[SourceTitle "CBM 185 Extra"]
[Source "ChessBase"]
[SourceDate "2018.07.29"]
[SourceVersion "1"]
[SourceVersionDate "2018.07.29"]
[SourceQuality "1"]
[WhiteTeam "United States"]
[BlackTeam "England III"]
[WhiteTeamCountry "USA"]
[BlackTeamCountry "ENG"]

1. d4 e6 2. Nf3 d5 3. c4 c5 4. cxd5 exd5 5. g3 Nc6 6. Bg2 Be7 7. 0-0 Nf6 8. Nc3 0-0 9. dxc5 Bxc5 10. Bg5 d4 11. Bxf6 Qxf6 12. Nd5 Qd6 13. Nd2 Bf5 14. Rc1 Rac8 15. a3 Ne5 16. Ne4 Bxe4 17. Bxe4 Rfe8 18. Rc2 a6 19. Nf4 b5 20. Qc1 Qf8 21. Bf5 Nc4 22. Bxc8 Rxc8 23. Nd3 Bd6 24. b3 Bxa3 25. Qa1 1-0

[Event "WchT Seniors 50"]
[Site "Radebeul"]
[Date "2016.06.26"]
[Round "1.3"]
[White "Thurstan, Tim M"]
[Black "Seyb, Dieter"]
[Result "0-1"]
[WhiteElo "2079"]
[BlackElo "2265"]
[PlyCount "84"]
[EventDate "2016.06.26"]
[EventType "team-swiss"]
[EventRounds "9"]
[EventCountry "GER"]
[SourceTitle "CBM 173 Extra"]
[Source "ChessBase"]
[SourceDate "2016.08.29"]
[SourceVersion "1"]
[SourceVersionDate "2016.08.29"]
[SourceQuality "1"]
[WhiteTeam "England III"]
[BlackTeam "Forchheim"]
[WhiteTeamCountry "ENG"]
[BlackTeamCountry "GER"]

1. f4 g6 2. Nf3 Bg7 3. e3 d6 4. Be2 e5 5. Nc3 exf4 6. exf4 Nf6 7. d4 0-0 8. 0-0 b6 9. Bd3 c5 10. f5 Bb7 11. Bg5 Nc6 12. a3 cxd4 13. Nb5 d5 14. Nbxd4 Nxd4 15. Nxd4 Qd6 16. c3 Nd7 17. Qd2 Rfe8 18. Rae1 Nc5 19. Nb5 Qd7 20. Rxe8+ Rxe8 21. Nd4 Ba6 22. Bxa6 Nxa6 23. Bh6 Bh8 24. b4 Nc7 25. f6 Re4 26. Rf4 Ne8 27. Bg5 h6 28. Bxh6 Nxf6 29. Bg5 Nh5 30. Rxe4 dxe4 31. b5 Qd5 32. a4 Qc4 33. Nc6 Bxc3 34. Qd8+ Kg7 35. h3 Qc5+ 36. Kh2 Nf6 37. h4 Ng4+ 38. Kg3 Qf2+ 39. Kh3 Ne3 40. Bxe3 Qxe3+ 41. g3 Qf3 42. Qe7 Bf6 0-1

[Event "WchT Seniors 50"]
[Site "Vilnius"]
[Date "2014.07.21"]
[Round "9.6"]
[White "Thurstan, Tim M"]
[Black "Melkeraaen, Terje"]
[Result "1/2-1/2"]
[WhiteElo "2159"]
[BlackElo "2043"]
[PlyCount "69"]
[EventDate "2014.07.13"]
[EventType "team-swiss"]
[EventRounds "9"]
[EventCountry "LTU"]
[SourceTitle "CBM 161 Extra"]
[Source "ChessBase"]
[SourceDate "2014.08.29"]
[SourceVersion "1"]
[SourceVersionDate "2014.08.29"]
[SourceQuality "1"]
[WhiteTeam "England II"]
[BlackTeam "Norway"]
[WhiteTeamCountry "ENG"]
[BlackTeamCountry "NOR"]

1. f4 d5 2. Nf3 g6 3. d3 Nf6 4. c3 Bg7 5. Qc2 Nc6 6. e4 dxe4 7. dxe4 e5 8. Bc4 0-0 9. 0-0 Qe7 10. b3 Qc5+ 11. Kh1 Re8 12. Ng5 Nd8 13. Ba3 Qe3 14. Nd2 Ng4 15. Ndf3 exf4 16. h3 Ne5 17. Rfe1 Qb6 18. Nxe5 Bxe5 19. Rad1 Ne6 20. Nf3 Bg7 21. Re2 Qa5 22. Bb4 Qh5 23. Rd5 g5 24. Red2 h6 25. Rf5 c6 26. a4 b6 27. Rd6 a5 28. Ba3 Bf8 29. Ne5 Bxd6 30. Bxd6 Ba6 31. Ng4 Qh4 32. Bxa6 Rxa6 33. Nf6+ Kh8 34. Nxe8 Qe1+ 35. Kh2 1/2-1/2

[Event "WchT Seniors 50"]
[Site "Vilnius"]
[Date "2014.07.16"]
[Round "4.6"]
[White "Baliuniene, Margarita"]
[Black "Thurstan, Tim M"]
[Result "1/2-1/2"]
[WhiteElo "1966"]
[BlackElo "2159"]
[PlyCount "51"]
[EventDate "2014.07.13"]
[EventType "team-swiss"]
[EventRounds "9"]
[EventCountry "LTU"]
[SourceTitle "CBM 161 Extra"]
[Source "ChessBase"]
[SourceDate "2014.08.29"]
[SourceVersion "1"]
[SourceVersionDate "2014.08.29"]
[SourceQuality "1"]
[WhiteTeam "Denmark"]
[BlackTeam "England II"]
[WhiteTeamCountry "DEN"]
[BlackTeamCountry "ENG"]

1. d4 d5 2. c4 e5 3. dxe5 d4 4. Nf3 Nc6 5. e4 Bg4 6. Qa4 Qd7 7. Nbd2 Nge7 8. h3 Bxf3 9. Nxf3 Ng6 10. Bd2 Ngxe5 11. Nxe5 Nxe5 12. Qxd7+ Nxd7 13. Be2 Be7 14. 0-0 0-0 15. f4 Nc5 16. Bf3 a5 17. Rad1 Rfd8 18. e5 c6 19. Kh2 Nd3 20. b3 a4 21. Be2 Nb4 22. Bxb4 Bxb4 23. Rd3 Bc3 24. Rb1 axb3 25. axb3 Ra2 26. Bf3 1/2-1/2

[Event "Vienna op 18th"]
[Site "Vienna"]
[Date "2013.08.20"]
[Round "4"]
[White "Thurstan, Tim M"]
[Black "Pirrot, Dieter"]
[Result "0-1"]
[WhiteElo "2177"]
[BlackElo "2377"]
[PlyCount "40"]
[EventDate "2013.08.17"]
[EventType "swiss"]
[EventRounds "9"]
[EventCountry "AUT"]
[SourceTitle "CBM 156 Extra"]
[Source "ChessBase"]
[SourceDate "2013.10.22"]
[SourceVersion "1"]
[SourceVersionDate "2013.10.22"]
[SourceQuality "1"]

1. f4 e5 2. fxe5 d6 3. exd6 Bxd6 4. Nf3 Nf6 5. d4 0-0 6. Qd3 Re8 7. Bg5 Nc6 8. c3 h6 9. Bxf6 Qxf6 10. e4 Bf5 11. Nbd2 Qg6 12. 0-0-0 Rxe4 13. Qb5 Re3 14. Nc4 a6 15. Qb3 Rxf3 16. gxf3 Bf4+ 17. Rd2 Re8 18. Qd1 b5 19. Na3 Qe6 20. b3 Qe3 0-1

[Event "Vienna op 18th"]
[Site "Vienna"]
[Date "2013.08.18"]
[Round "2"]
[White "Thurstan, Tim M"]
[Black "Barle, Janez"]
[Result "1/2-1/2"]
[WhiteElo "2177"]
[BlackElo "2363"]
[PlyCount "107"]
[EventDate "2013.08.17"]
[EventType "swiss"]
[EventRounds "9"]
[EventCountry "AUT"]
[SourceTitle "CBM 156 Extra"]
[Source "ChessBase"]
[SourceDate "2013.10.22"]
[SourceVersion "1"]
[SourceVersionDate "2013.10.22"]
[SourceQuality "1"]

1. f4 e5 2. fxe5 d6 3. exd6 Bxd6 4. Nf3 Nf6 5. d4 0-0 6. Bg5 Re8 7. Qd3 Na6 8. c3 c5 9. Nbd2 h6 10. Bxf6 Qxf6 11. e4 cxd4 12. Qxd4 Qe7 13. Bc4 Nc7 14. 0-0-0 b5 15. Bb3 a5 16. e5 Bxe5 17. Nxe5 Qxe5 18. Qxe5 Rxe5 19. Nf3 Re8 20. Nd4 a4 21. Bc2 Bb7 22. Rd2 Be4 23. Rf1 Bxc2 24. Kxc2 Rad8 25. Nc6 Rxd2+ 26. Kxd2 Re6 27. Nd4 Rd6 28. Rf5 b4 29. Ra5 a3 30. bxa3 bxc3+ 31. Kxc3 Nd5+ 32. Kc4 Ne3+ 33. Kc3 Nd5+ 34. Kc4 Ne3+ 35. Kc3 Nxg2 36. a4 Ne3 37. Rb5 Nd5+ 38. Kc4 Nc7 39. Kc5 Rd5+ 40. Kc4 Rd6 41. Rb8+ Kh7 42. Rb7 Ne6 43. Nxe6 fxe6 44. Rb2 Kg6 45. Kb5 Rd8 46. Kc6 Ra8 47. Rb4 e5 48. Kb7 Re8 49. a5 e4 50. a6 Re7+ 51. Kb6 Re6+ 52. Kb7 Re7+ 53. Kb6 Re6+ 54. Kb7 1/2-1/2

[Event "Split op 2nd"]
[Site "Split"]
[Date "2012.08.18"]
[Round "8"]
[White "Zsinka, Laszlo"]
[Black "Thurstan, Tim M"]
[Result "1/2-1/2"]
[WhiteElo "2291"]
[BlackElo "2158"]
[PlyCount "138"]
[EventDate "2012.08.11"]
[EventType "swiss"]
[EventRounds "9"]
[EventCountry "CRO"]
[SourceTitle "CBM 149 Extra"]
[Source "ChessBase"]
[SourceDate "2012.08.24"]
[SourceVersion "1"]
[SourceVersionDate "2012.08.24"]
[SourceQuality "1"]

1. d4 e6 2. c4 f5 3. Nc3 Nf6 4. Nf3 Be7 5. h3 Ne4 6. Qc2 d5 7. Bf4 c6 8. e3 Na6 9. a3 0-0 10. Bd3 Bd7 11. g4 Be8 12. cxd5 cxd5 13. gxf5 Rxf5 14. Bxe4 dxe4 15. Qxe4 Qb6 16. 0-0 Bg6 17. Na4 Qb3 18. Nc3 Rh5 19. Nd2 Bxe4 20. Nxb3 Bd3 21. Rfe1 Rxh3 22. Na5 g5 23. Bg3 Rf8 24. Rad1 Bf5 25. Nc4 Bg4 26. Ne5 Bxd1 27. Rxd1 Rd8 28. Kg2 Rh6 29. Ne4 Rc8 30. Ng4 Rg6 31. Ne5 Rg7 32. d5 exd5 33. Rxd5 Rd8 34. Rb5 b6 35. Nc6 Rd7 36. Rf5 h6 37. Re5 Nc5 38. Nxc5 Bxc5 39. Re6 Kh7 40. Ne5 Rde7 41. Rf6 a5 42. Nc6 Ref7 43. Re6 h5 44. b4 axb4 45. axb4 Bf8 46. b5 Bc5 47. Be5 Rg6 48. Re8 Rg8 49. Re6 Rgf8 50. f4 gxf4 51. exf4 Rg8+ 52. Kf3 h4 53. Ke4 h3 54. f5 Rg4+ 55. Kf3 Rg5 56. f6 Rf5+ 57. Kg4 Rf1 58. Kxh3 Kg6 59. Kg2 Rf2+ 60. Kg3 Rd2 61. Ne7+ Kh5 62. Bf4 Rd3+ 63. Kg2 Kg4 64. Re4 Rxf6 65. Be3+ Kh5 66. Re5+ Kg4 67. Re4+ Kh5 68. Re5+ Kg4 69. Re4+ Kh5 1/2-1/2

[Event "Split op 2nd"]
[Site "Split"]
[Date "2012.08.16"]
[Round "6"]
[White "Susovic, Hrvoje"]
[Black "Thurstan, Tim M"]
[Result "0-1"]
[WhiteElo "1959"]
[BlackElo "2158"]
[PlyCount "90"]
[EventDate "2012.08.11"]
[EventType "swiss"]
[EventRounds "9"]
[EventCountry "CRO"]
[SourceTitle "CBM 149 Extra"]
[Source "ChessBase"]
[SourceDate "2012.08.24"]
[SourceVersion "1"]
[SourceVersionDate "2012.08.24"]
[SourceQuality "1"]

1. e4 e6 2. Nf3 d5 3. Nc3 Nf6 4. d3 c5 5. Bg5 Be7 6. e5 Ng8 7. Bf4 Nc6 8. d4 a6 9. Be2 f6 10. h4 cxd4 11. Nxd4 Nxe5 12. Bg3 Nh6 13. f4 Nc6 14. Nf3 Bc5 15. Qd2 Bd7 16. a3 0-0 17. Nxd5 Nf5 18. Bh2 Kh8 19. Nc3 Qe7 20. Nd1 Rad8 21. Qc3 Rc8 22. Bd3 Nfd4 23. Nxd4 Bxd4 24. Qd2 e5 25. Qe2 Rfe8 26. c3 Bb6 27. Kf1 e4 28. Bc2 f5 29. Bg3 Be6 30. Bf2 Bxf2 31. Kxf2 Na5 32. Ne3 Red8 33. g3 Bc4 34. Qe1 Qf7 35. Rd1 b5 36. Nxc4 Nxc4 37. Bb3 Qa7+ 38. Kg2 Ne3+ 39. Kh3 Nxd1 40. Bxd1 Rd6 41. Rh2 Rcd8 42. Bc2 Qd7 43. Bb3 Rd2 44. Rh1 Qd3 45. Qc1 Qe2 0-1

[Event "Split op 2nd"]
[Site "Split"]
[Date "2012.08.15"]
[Round "5"]
[White "Thurstan, Tim M"]
[Black "Armanda, Ivica"]
[Result "0-1"]
[WhiteElo "2158"]
[BlackElo "2398"]
[PlyCount "86"]
[EventDate "2012.08.11"]
[EventType "swiss"]
[EventRounds "9"]
[EventCountry "CRO"]
[SourceTitle "CBM 149 Extra"]
[Source "ChessBase"]
[SourceDate "2012.08.24"]
[SourceVersion "1"]
[SourceVersionDate "2012.08.24"]
[SourceQuality "1"]

1. f4 d5 2. Nf3 g6 3. e3 Bg7 4. Be2 Nf6 5. 0-0 0-0 6. d3 c5 7. Nc3 Nc6 8. e4 d4 9. Nb1 c4 10. Na3 cxd3 11. cxd3 b6 12. Qe1 Ba6 13. b4 Bb7 14. Rb1 a6 15. Nc4 Nd7 16. Qh4 b5 17. Ncd2 e6 18. Qh3 Qe7 19. a3 Nb6 20. Bd1 Rfd8 21. g4 Na4 22. Bxa4 bxa4 23. Nc4 Na7 24. f5 exf5 25. gxf5 gxf5 26. Qxf5 Bc8 27. Qh5 Be6 28. Nb6 Rab8 29. Nxa4 Nb5 30. Nc5 f6 31. Rb2 Bf7 32. Qg4 Kh8 33. Rg2 Rg8 34. Qh4 a5 35. Kh1 Nxa3 36. Bxa3 axb4 37. Na6 bxa3 38. Nxb8 Qb7 39. Nxd4 a2 40. Nc2 Qxb8 41. d4 f5 42. Rxg7 Rxg7 43. Na1 Qb1 0-1

[Event "Split op 2nd"]
[Site "Split"]
[Date "2012.08.13"]
[Round "3"]
[White "Motuz, Karol"]
[Black "Thurstan, Tim M"]
[Result "1-0"]
[WhiteElo "2393"]
[BlackElo "2158"]
[PlyCount "77"]
[EventDate "2012.08.11"]
[EventType "swiss"]
[EventRounds "9"]
[EventCountry "CRO"]
[SourceTitle "CBM 149 Extra"]
[Source "ChessBase"]
[SourceDate "2012.08.24"]
[SourceVersion "1"]
[SourceVersionDate "2012.08.24"]
[SourceQuality "1"]

1. c4 e5 2. a3 g6 3. Nc3 Bg7 4. g3 Ne7 5. Bg2 d6 6. e3 Nbc6 7. Nge2 Be6 8. Nd5 0-0 9. 0-0 f5 10. d3 Rb8 11. Rb1 b5 12. b4 bxc4 13. dxc4 e4 14. Bb2 Bxb2 15. Rxb2 Ne5 16. Nef4 Bd7 17. Qd4 N7c6 18. Qc3 Nf3+ 19. Bxf3 exf3 20. Rd1 Ne5 21. c5 g5 22. Nd3 Nxd3 23. Qxd3 c6 24. Nc3 Rf6 25. e4 g4 26. cxd6 Qe8 27. Re1 Qe5 28. Rd2 f4 29. Qd4 Qh5 30. h4 Rbf8 31. Kh2 fxg3+ 32. fxg3 Rg6 33. Kg1 Qh6 34. Kf2 Qh5 35. e5 Re6 36. Ne4 Rxe5 37. Nf6+ Rxf6 38. Rxe5 Qf7 39. Re7 1-0